| 000 | 00375nam a22001577a 4500 | ||
|---|---|---|---|
| 003 | SGT | ||
| 020 | _a9788123910970 | ||
| 082 |
_a615.32 _bM23V |
||
| 100 | _aVEERESHAM, CIDDI | ||
| 245 | _aMEDICINAL PLANT BIOTECHNOLOGY | ||
| 250 | _a1ST | ||
| 260 |
_aNEW DELHI _bCBS PUBLICATION _c2023 |
||
| 650 | _aPHARMACY | ||
| 653 | _aMEDICINAL, PLANT, BIOTECHNOLOGY | ||
| 942 |
_2ddc _cBK |
||
| 999 |
_c26984 _d26984 |
||